The natural city : (Record no. 98658)
[ view plain ]
| 000 -LEADER | |
|---|---|
| fixed length control field | 01937cam a2200313 a 4500 |
| 001 - CONTROL NUMBER | |
| control field | 17275816 |
| 005 - DATE AND TIME OF LATEST TRANSACTION | |
| control field | 20171002112545.0 |
| 008 - FIXED-LENGTH DATA ELEMENTS--GENERAL INFORMATION | |
| fixed length control field | 120427s2012 onca b 000 0 eng |
| 020 ## - INTERNATIONAL STANDARD BOOK NUMBER | |
| International Standard Book Number | 9780802091604 (bound) |
| 020 ## - INTERNATIONAL STANDARD BOOK NUMBER | |
| International Standard Book Number | 0802091601 (bound) |
| 020 ## - INTERNATIONAL STANDARD BOOK NUMBER | |
| International Standard Book Number | 9781442611023 (pbk.) |
| 020 ## - INTERNATIONAL STANDARD BOOK NUMBER | |
| International Standard Book Number | 1442611022 (pbk.) |
| 040 ## - CATALOGING SOURCE | |
| Transcribing agency | PK-LaUMT |
| 082 04 - DEWEY DECIMAL CLASSIFICATION NUMBER | |
| Classification number | 711.4 |
| Edition number | 23 |
| Item number | NAT- |
| 245 04 - TITLE STATEMENT | |
| Title | The natural city : |
| Remainder of title | re-envisioning the built environment / |
| Statement of responsibility, etc | edited by Ingrid Leman Stefanovic and Stephen Bede Scharper |
| 260 ## - PUBLICATION, DISTRIBUTION, ETC. (IMPRINT) | |
| Place of publication, distribution, etc | Toronto ; |
| -- | Buffalo [N.Y.] : |
| Name of publisher, distributor, etc | University of Toronto Press, |
| Date of publication, distribution, etc | 2012 |
| 300 ## - PHYSICAL DESCRIPTION | |
| Extent | vii, 350 p. : |
| Other physical details | ill. ; |
| Dimensions | 24 cm. |
| 520 ## - SUMMARY, ETC. | |
| Summary, etc | "Urban and natural environments are often viewed as entirely separate entities -- human settlements as the domain of architects and planners, and natural areas as untouched wilderness. This dichotomy continues to drive decision-making in subtle ways, but with the mounting pressures of global climate change and declining biodiversity, it is no longer viable. New technologies are promising to provide renewable energy sources and greener designs, but real change will require a deeper shift in values, attitudes, and perceptions. |
| 520 ## - SUMMARY, ETC. | |
| Summary, etc | A timely and important collection, The Natural City explores how to integrate the natural environment into healthy urban centres from philosophical, religious, socio-political, and planning perspectives. Recognizing the need to better link the humanities with public policy, The Natural City offers unique insights for the development of an alternative vision of urban life."--pub. desc. |
| 650 #0 - SUBJECT ADDED ENTRY--TOPICAL TERM | |
| Topical term or geographic name as entry element | Urban ecology (Sociology) |
| 650 #0 - SUBJECT ADDED ENTRY--TOPICAL TERM | |
| Topical term or geographic name as entry element | City planning |
| General subdivision | Environmental aspects. |
| 650 #0 - SUBJECT ADDED ENTRY--TOPICAL TERM | |
| Topical term or geographic name as entry element | Sustainable urban development. |
| 650 #6 - SUBJECT ADDED ENTRY--TOPICAL TERM | |
| Topical term or geographic name as entry element | Écologie urbaine. |
| 650 #6 - SUBJECT ADDED ENTRY--TOPICAL TERM | |
| Topical term or geographic name as entry element | Urbanisme |
| General subdivision | Aspect de l'environnement. |
| 650 #6 - SUBJECT ADDED ENTRY--TOPICAL TERM | |
| Topical term or geographic name as entry element | Urbanisme durable. |
| 700 1# - ADDED ENTRY--PERSONAL NAME | |
| Personal name | Leman-Stefanovic, Ingrid. |
| 700 1# - ADDED ENTRY--PERSONAL NAME | |
| Personal name | Scharper, Stephen B. |
| 942 ## - ADDED ENTRY ELEMENTS (KOHA) | |
| Koha item type | Books |
| Withdrawn status | Lost status | Damaged status | Home library | Current library | Date acquired | Full call number | Barcode | Date last seen | Price effective from | Koha item type |
|---|---|---|---|---|---|---|---|---|---|---|
| UMT Main Campus | UMT Main Campus | 2017-10-02 | 711.4 NAT- | 113856 | 2022-07-04 | 2017-10-02 | Books |
